Normal view
MARC view
Entry Personal Name
001 - CONTROL NUMBER
- control field: 15507
003 - CONTROL NUMBER IDENTIFIER
- control field: BD-RjUL
005 - DATE AND TIME OF LATEST TRANSACTION
- control field: 20250518163031.0
008 - FIXED-LENGTH DATA ELEMENTS
- fixed length control field: 250518|| aca||aabn | a|a d
040 ## - CATALOGING SOURCE
- Original cataloging agency: BD-RjUL
- Transcribing agency: BD-RjUL
100 ## - HEADING--PERSONAL NAME
- Personal name: কালাম, আবুল
670 ## - SOURCE DATA FOUND
- Source citation: Work cat.: (BD-RjUL)84942: কালাম, আবুল , আন্তর্জাাতিক সম্পর্ক : , ১৯৯০